• 首页
  • 本馆介绍
  • 公告通知
  • 最新文献
  • 馆藏检索
  • 电子资源
  • 读者导购
  • 参考咨询
  • 我的图书馆
  • 登录
  • 详细信息显示
  • 放入我的书架
  • 预约/预借图书
  • 作者相关作品
  • 分类相关作品
  • 丛书相关作品
  • 出版社相关作品

书目信息

  • 表格格式
  • 工作单格式
  • 卡片格式
题名:
山地城镇可持续发展
    
 
作者: 石楠 , 王晓彬 , 赵万民 主编 ;中国科学技术协会 编
分册:  
出版信息: 北京   中国建筑工业出版社  2020.3
页数: 591页
开本: 26cm
丛书名:
单 册:
中图分类: TU984.191
科图分类:
主题词: 山地--城镇--城市规划--交通规划--中国--文集
电子资源:
ISBN: 978-7-112-19739-2
000 01390nam0 2200325 45
001 012001002499
005 20140914123110.0
010    @a978-7-112-19739-2@dCNY158.00
090    @aTU984@bsn
096    @aTU984@bsn
100    @a20170105d2016 em y0chiy50 ea
101 0  @achi
102    @aCN@b110000
105    @aa z 000yy
106    @ar
200 1  @a山地城镇可持续发展@e“一带一路”战略与山地城镇交通规划建设@f中国科学技术协会编@g中国科学技术协会编@Ashan di cheng zhen ke chi xu fa zhan
210    @a北京@c中国建筑工业出版社@d2020.3
215    @a591页@c图@d26cm
300    @a其他题名:“一带一路”战略与山地城镇交通规划建设
314    @a主编:石楠、王晓彬、赵万民
330    @a本书紧紧围绕“一带一路战略与山地城镇交通规划建设”这一主题,深入交流“一带一路”交通规划、产业发展等一系列重大问题的基础理论与科学技术应用,为我国一带一路战略与山地城镇交通规划建设出谋划策。
517 1  @a“一带一路”战略与山地城镇交通规划建设@A“yi dai yi lu”zhan lue yu shan di cheng zhen jiao tong gui hua jian she
606 0  @a山地@x城镇@x城市规划@x交通规划@y中国@j文集
690    @aTU984.191@v5
701  0 @a石楠@Ashi nan@c(城市规划)@4主编
701  0 @a王晓彬@Awang xiao bin@c(科学技术)@4主编
701  0 @a赵万民@Azhao wan min@4主编
712 02 @a中国科学技术协会@Azhong guo ke xue ji shu xie hui@4编
801  2 @aCN@bBJSDL@c20211018
905    @b1339966-9@dTU984.191@e2037@f4
    
    山地城镇可持续发展:“一带一路”战略与山地城镇交通规划建设/中国科学技术协会编/中国科学技术协会编.-北京:中国建筑工业出版社,2020.3
    591页:图;26cm
    其他题名:“一带一路”战略与山地城镇交通规划建设
    
    ISBN 978-7-112-19739-2:CNY158.00
    本书紧紧围绕“一带一路战略与山地城镇交通规划建设”这一主题,深入交流“一带一路”交通规划、产业发展等一系列重大问题的基础理论与科学技术应用,为我国一带一路战略与山地城镇交通规划建设出谋划策。
●
相关链接 在E读中查询图书 在五车中查询图书 在当当中查询图书 在豆瓣中查询图书


正题名:山地城镇可持续发展     索取号:TU984.191/2037         预约/预借

序号 登录号 条形码 馆藏地/架位号 状态 备注
1 1339966   213399669   第二样本阅览室/ [索取号:TU984.191/2037] 在馆    
2 1339967   213399678   第三借阅区/ [索取号:TU984.191/2037] 在馆    
3 1339968   213399687   第三借阅区/ [索取号:TU984.191/2037] 在馆    
4 1339969   213399696   第三借阅区/ [索取号:TU984.191/2037] 在馆    
唐山师范学院图书馆 欢迎您!
大连网信软件有限公司© 版权所有